00590nam a2200169Ia 4500008004100000020001500041050002300056100003700079245010500116260005000221300002900271500005100300521000800351650002900359650001900388650001300407140321s9999 xx 000 0 und d a9710412266 aTX 925b.P969 2012 aPanay, Maria Lutgarda Manuela B. aFood and beverage service manual :bpractice makes you an expert /cMaria Lutgarda Manuela B. Panay. aMandaluyong City :bBooks Atpb. Pub.,cc2012. a136 p. :bill. ;c22 cm. aIncludes bibliographical references and index. aTOU aFood service management. aTable Service. aWaiters.